01210nam a22003134a 4500001001200000003000800012006001900020007001500039008004100054010001700095020001500112040002100127035002100148050002600169082002000195245012700215246004400342260003900386300001600425504005100441533015200492650002800644650001600672655002900688700002100717710001700738856012600755999001500881ebr10269598CaPaEBRm u cr cn|||||||||030904s2003 nyu sb 001 0 eng  z 2003055935 z0826121756 aCaPaEBRcCaPaEBR a(OCoLC)31253667514aRC489.P7bP757 2003eb04a616.89/152322200aPsychodrama in the 21st centuryh[electronic resource] :bclinical and educational applications /cJacob Gershoni, editor.3 aPsychodrama in the Twenty-first century aNew York :bSpringer Pub.,cc2003. axxi, 290 p. aIncludes bibliographical references and index. aElectronic reproduction.bPalo Alto, Calif. :cebrary,d2013.nAvailable via World Wide Web.nAccess may be limited to ebrary affiliated libraries. 0aDramaxTherapeutic use. 0aSociometry. 7aElectronic books.2local1 aGershoni, Jacob.2 aebrary, Inc.40uhttp://site.ebrary.com/lib/rucke/Doc?id=10269598zAn electronic book accessible through the World Wide Web; click to view c8507d8507